Eurovision 2026 Songs by First Line - Statistics

General Stats
  • This quiz has been taken 458 times
    390 since last reset
  • The average score is 22 of 35
Answer Stats
Hint Answer % Correct
Viva Moldova, aloha Moldova
94%
Too epic to be true Estonia
90%
Michelle zo ahava re'ila Israel
90%
Alice Switzerland
88%
Ois viisampi häipyy täält Finland
85%
Quand tout s'illumine France
85%
I'm dancing on the table, baby Cyprus
83%
È cominciato tutto quanto dal principio Italy
81%
Stop denyin', nyin' Germany
78%
Steh vor dem Club Austria
76%
I don't even want you Sweden
71%
So sick of doing the whole 9 to 5 United Kingdom
71%
Min krop den skriger Denmark
70%
No silêncio do luar Portugal
66%
Hello, my friend Malta
65%
Phantom Romania
64%
Shadows in the moonlight Australia
63%
I got that summer on my skin Belgium
62%
Zemra po dhemb Albania
61%
Tik daudz silta aukstiem ļaudīm dots Latvia
57%
Freedom, just freedom Poland
56%
Prepei na paixo, den tha pao paso Greece
54%
I carried your love inside my heart each day Azerbaijan
52%
Toliko trebalo je Serbia
51%
Follow a voice unknown Czechia
49%
All the boys welcome back San Marino
49%
Lights on, stand by Georgia
48%
Tai gąsdina, vaidenasi visur, kur aš esu Lithuania
48%
Dok pališ svijeću pitaj svoju baku Croatia
47%
From the start Luxembourg
47%
Same old place, familiar faces Armenia
44%
Green into rust Ukraine
44%
You've been thinking 'bout love Norway
43%
Ko je ovdje ko? Ma kraj je Montenegro
38%
Come alive Bulgaria
36%
No matching quizzes found
Score Distribution
Percent of People with Each Score
Percentile by Number Answered
Your Score History
You have not taken this quiz since the last reset